00490 2200205 4500001002100000008004100021035002000062245005100082100001700133250000600150260003300156300001100189084001400200082000800214650001400222990001200236990001200248990001200260990001200272INLIS000000000000518 ind  a0010-0424000494 aPerawatan Kulit Kepala dan RambutcSiti Sahida aSahida, Siti a1 aKlaten :bIntan Sejatic2015 a76 hlm a600 SIT p a600 aNon Fiksi a0722100 a0722101 a0722102 a0722103